A dictionary of chemistry / (Record no. 27240)
[ view plain ]
| 000 -LEADER | |
|---|---|
| fixed length control field | 00824nam a22002294a 4500 |
| 005 - DATE AND TIME OF LATEST TRANSACTION | |
| control field | 20090604155458.0 |
| 008 - FIXED-LENGTH DATA ELEMENTS--GENERAL INFORMATION | |
| fixed length control field | 020212s2002 flua 000 0 eng |
| 010 ## - LCCN (DPL NO) | |
| LC control number | ENG-93890 |
| 020 ## - INTERNATIONAL STANDARD BOOK NUMBER | |
| Terms of availability | 300.00 |
| 035 ## - SYSTEM CONTROL NUMBER | |
| System control number | EN-77423 |
| 037 ## - SOURCE OF ACQUISITION | |
| Source of stock number/acquisition | DBAD / PUB |
| 040 ## - CATALOGING SOURCE | |
| Original cataloging agency | dpl |
| Language of cataloging | English |
| 082 ## - DEWEY DECIMAL CLASSIFICATION NUMBER | |
| Classification number | 540.3 |
| 245 ## - TITLE STATEMENT | |
| Title | A dictionary of chemistry / |
| Statement of responsibility, etc | edited by V.K. Diwedi |
| 260 ## - PUBLICATION, DISTRIBUTION, ETC. (IMPRINT) | |
| Place of publication, distribution, etc | Delhi |
| Name of publisher, distributor, etc | Seema Publishing House |
| Date of publication, distribution, etc | 2008 |
| 270 ## - ADDRESS | |
| Address | 30/21A, Gali No. 9, Vishwas Nagar,Shahdera |
| City | Delhi |
| Postal code | 110032 |
| 300 ## - PHYSICAL DESCRIPTION | |
| Extent | 357p. |
| Dimensions | 22cm(Hb) |
| 650 ## - SUBJECT ADDED ENTRY--TOPICAL TERM | |
| Topical term or geographic name as entry element | Chemistry |
| General subdivision | Dictionaries |
| 700 ## - ADDED ENTRY--PERSONAL NAME | |
| Personal name | Diwedi, V.K. |
| 942 ## - ADDED ENTRY ELEMENTS (KOHA) | |
| Source of classification or shelving scheme | Dewey Decimal Classification |
| Item type | English Books |
| Call number suffix | DIC |
| Classification part | 540.3 |
| Withdrawn status | Lost status | Source of classification or shelving scheme | Damaged status | Not for loan | Collection code | Home library | Current library | Date acquired | Source of acquisition | Cost, normal purchase price | Total Checkouts | Full call number | Barcode | Date last seen | Copy number | Cost, replacement price | Koha item type |
|---|---|---|---|---|---|---|---|---|---|---|---|---|---|---|---|---|---|
| Dewey Decimal Classification | Not For Loan | Non-fiction | D.B.Act.Division | D.B.Act.Division | 04/06/2009 | DBAD / PUB | 300.00 | 540.3 DIC | EN-77423 | 04/06/2009 | 1 | 300.00 | English Books |
